1949 1123 1445 1624 1593 1430 1834 1702 1170 1554 1940 1648 1757 1032 1351 1003 1605 1492 1651 1719 1284 1616 1593 1342 1301 1750 1001 1534 1634 1566 1324 1285 1697 1981 1893 1591 1850 1295 1524 1205 1534 1065 1353 1294 1165 1973 1430 1419 1035 1474 1098 1104 1271 1390 1036 1621 1550 1106 1285 1891 1260 1940 1121 1818 1758 1084 1357 1804 1588 1425 1789 1194 1733 1241 1702 1469 1997 1653 1768 1275 1762 1382 1548 1748 1380 1761 1218 1506 1256 1970 1881 1920 1848 1995 1042 1141 1629 1923 1710 BCNSPRNW ULIB Ver.6.0+V

เปลี่ยนเป็นภาษาไทย

Change to English
 แสดงรายละเอียดบรรณานุกรม
  กลับหน้าหลัก

Brief Record : Get Marc (ISO 2709) : E-mail record : QR code < ปิดหน้าต่าง
LEADER : 00000nam 2200000uu 4500
001    13399110990
003     ULIB
008    110614s||||||||th 000 0 tha d
020    9748212513(ล.9)
050  4 AC159^bส631น ล.9 2543
245 00 108 ซองคำถาม.^nเล่ม 9 /^cประวิทย์ สุวณิชย์, บรรณาธิการ
250    พิมพ์ครั้งที่ 2
260    กรุงเทพฯ :^bสารคดี,^c2543
300    206 หน้า :^bภาพประกอบ
650  4 ความรู้ทั่วไป
650  4 รวมเรื่อง
650  4 คำถามและคำตอบ
700 0  ประวิทย์ สุวณิชย์
945    ^p95^l0^i015947
995    ทศพร
999 ^a ใช้งานได้ทุกระบบ
รายการนี้ยังไม่มีแท็ก
คุณยังไม่ได้ล็อกอิน คุณสามารถมีกิจกรรมร่วมกับเว็บไซต์ได้ แต่ต้องล็อกอินก่อน ::
  ล็อกอิน

รายการสื่อสารสนเทศ

ลำดับที่ ประเภท เลขเรียก/บาร์โค้ด สถานที่ สถานะ
- ไม่พบข้อมูล -

รายการใกล้เคียง
    หัวเรื่อง [ความรู้ทั่วไป]
    หัวเรื่อง [รวมเรื่อง]
    หัวเรื่อง [คำถามและคำตอบ]

BibComment


ยังไม่เคยถูกคอมเมนท์

คอมเมนท์ทรัพยากรรายการนี้
  คอมเมนท์: 108 ซองคำถาม เล่ม..


 Copyright 2026. Bcnsprnw @Library